The water Gipsies : (Record no. 6833)
[ view plain ]
| 000 -LEADER | |
|---|---|
| fixed length control field | 00915ntm a2200265 a 4500 |
| 001 - CONTROL NUMBER | |
| JCCL Control Number | 6833 |
| 003 - CONTROL NUMBER IDENTIFIER | |
| JCCL marc code | UkOxU |
| 005 - DATE AND TIME OF LATEST TRANSACTION | |
| control field | 20180130192912.0 |
| 008 - FIXED-LENGTH DATA ELEMENTS--GENERAL INFORMATION | |
| fixed length control field | 000621s1956 enk 000 d eng d |
| 035 ## - SYSTEM CONTROL NUMBER | |
| system control number | (BD-JhCC) |
| 040 ## - CATALOGING SOURCE | |
| Original cataloging agency | UkOxU |
| Transcribing agency | UkOxU |
| Modifying agency | BD-JhCC |
| 041 ## - LANGUAGE CODE | |
| Language code of Book | eng |
| 082 ## - DEWEY DECIMAL CLASSIFICATION NUMBER | |
| Classification number | 823 |
| Author mark and Year | HER 1426 |
| 100 1# - MAIN ENTRY--PERSONAL NAME | |
| Personal name | Herbert, A. P. |
| Fuller form of name | (Alan Patrick), |
| Dates associated with a name | 1890-1971. |
| 245 14 - TITLE STATEMENT | |
| Title | The water Gipsies : |
| Remainder of title | a play with music founded on the novel of the same name / |
| Statement of responsibility, etc | book and lyrics by A.P. Herbert, music by Vivian Ellis. |
| 260 ## - PUBLICATION, DISTRIBUTION, ETC. (IMPRINT) | |
| Place of publication, distribution, etc | [S.l.] : |
| Name of publisher, distributor, etc | [s.n.], |
| Date of publication, distribution, etc | 1956. |
| 300 ## - PHYSICAL DESCRIPTION | |
| Pagination | 99. : |
| Dimensions | 26 cm. |
| 500 ## - GENERAL NOTE | |
| General note | Unpublished typescript. |
| 500 ## - GENERAL NOTE | |
| General note | "The water Gipsies was first presented by Peter Saunders at the Winter Garden Theatre, London, on 31st August 1956". |
| 500 ## - GENERAL NOTE | |
| General note | Bound in blue paper cover. |
| 650 #0 - SUBJECT ADDED ENTRY--TOPICAL TERM | |
| Topical term or geographic name as entry element | Musicals |
| Chronological subdivision | 20th century. |
| 700 1# - ADDED ENTRY--PERSONAL NAME | |
| Personal name | Ellis, Vivian, |
| Dates associated with a name | 1904-1996. |
| 942 ## - ADDED ENTRY ELEMENTS (KOHA) | |
| Source of classification or shelving scheme | Dewey Decimal Classification |
| Koha item type | Books |
| Source of classification or shelving scheme | Damaged status | Not for loan | Home library | Current library | Shelving location | Total Checkouts | Full call number | Barcode | Date last seen | Copy number | Koha item type | Date of accession |
|---|---|---|---|---|---|---|---|---|---|---|---|---|
| Dewey Decimal Classification | JCC Rouf Library | JCC Rouf Library | General Stacks | 823 HER 1426 | 9342 | 01/30/2018 | C - 1 | Books | ||||
| Dewey Decimal Classification | JCC Rouf Library | JCC Rouf Library | General Stacks | 823 HER 1426 | 10187 | 04/18/2018 | C-2 | Books | 04/18/2018 |